Diary of a mad old man / (Record no. 9543)
[ view plain ]
| 000 -LEADER | |
|---|---|
| fixed length control field | 00840nam a2200265 a 4500 |
| 003 - CONTROL NUMBER IDENTIFIER | |
| control field | IeDuTC |
| 005 - DATE AND TIME OF LATEST TRANSACTION | |
| control field | 20230411161620.0 |
| 008 - FIXED-LENGTH DATA ELEMENTS--GENERAL INFORMATION | |
| fixed length control field | 000705r20001965enk 000 1 eng |
| 016 00 - NATIONAL BIBLIOGRAPHIC AGENCY CONTROL NUMBER | |
| Record control number | 700/0=NOTNAL |
| 020 ## - INTERNATIONAL STANDARD BOOK NUMBER | |
| International Standard Book Number | 978-0-099-28519-9 |
| 040 ## - CATALOGING SOURCE | |
| Original cataloging agency | IeDuTC |
| Modifying agency | IeDuTC |
| 041 1# - LANGUAGE CODE | |
| Language code of text/sound track or separate title | eng |
| Language code of original | jpn |
| 082 04 - DEWEY DECIMAL CLASSIFICATION NUMBER | |
| Classification number | 813.54 |
| Edition number | 21 |
| 100 1# - MAIN ENTRY--PERSONAL NAME | |
| Personal name | Tanizaki, Jun'ichirō, |
| Dates associated with a name | 1886-1965. |
| 240 00 - UNIFORM TITLE | |
| Uniform title | Fūten rōjin nikki. |
| Language of a work | English. |
| 245 10 - TITLE STATEMENT | |
| Title | Diary of a mad old man / |
| Statement of responsibility, etc. | Jun'ichirō Tanizaki ; translated by Howard Hibbett. |
| 260 ## - PUBLICATION, DISTRIBUTION, ETC. | |
| Place of publication, distribution, etc. | London : |
| Name of publisher, distributor, etc. | Vintage, |
| Date of publication, distribution, etc. | 2000. |
| 300 ## - PHYSICAL DESCRIPTION | |
| Extent | 177p. ; |
| Dimensions | 20cm. |
| 440 #0 - SERIES STATEMENT/ADDED ENTRY--TITLE | |
| Title | Vintage classics. |
| 500 ## - GENERAL NOTE | |
| General note | Originally published: New York: Knopf, 1965; London: Secker & Warburg, 1966. |
| 546 ## - LANGUAGE NOTE | |
| Language note | Translated from the Japanese. |
| 700 1# - ADDED ENTRY--PERSONAL NAME | |
| Personal name | Hibbett, Howard. |
| 942 ## - ADDED ENTRY ELEMENTS (KOHA) | |
| Source of classification or shelving scheme | Dewey Decimal Classification |
| Koha item type | Fiction |
| Withdrawn status | Lost status | Source of classification or shelving scheme | Damaged status | Not for loan | Collection code | Home library | Current library | Shelving location | Date acquired | Serial Enumeration / chronology | Total Checkouts | Total Renewals | Full call number | Barcode | Date last seen | Date last checked out | Price effective from | Koha item type |
|---|---|---|---|---|---|---|---|---|---|---|---|---|---|---|---|---|---|---|
| Dewey Decimal Classification | Fiction | RTC Library | RTC Library | Fiction | 11/04/2023 | 177407 | 6 | 3 | FIC 813.54 TAN | 30018640 | 30/05/2024 | 15/05/2024 | 11/04/2023 | Fiction |